[Event "9. Open International Championship of V"]
[Site "Novi Sad - Ribarac 4"]
[Date "2018.07.22"]
[Round "2.8"]
[White "Paroski, Sinisa"]
[Black "Raja, Rithvik R"]
[Result "0-1"]
[WhiteElo "2199"]
[BlackElo "2343"]
[PlyCount "92"]
[EventDate "2018.07.22"]

1. d4 d5 2. Bf4 Nf6 3. e3 c5 4. c3 Nc6 5. Nd2 e6 6. Ngf3 Bd6 7. Bg3 O-O 8. Bd3
b6 9. O-O Bb7 10. Ne5 Ne7 11. f4 Nf5 12. Qf3 Be7 13. Rad1 Nd6 14. Bf2 Nfe4 15.
Qh3 Qc8 16. Bb1 Ba6 17. Rfe1 f6 18. Nef3 Bb5 19. Nxe4 dxe4 20. Nd2 f5 21. Bh4
Qd8 22. Bxe7 Qxe7 23. Qg3 Rfd8 24. Qf2 Kh8 25. Rc1 Bd3 26. b3 c4 27. bxc4 Bxc4
28. Nxc4 Nxc4 29. Bc2 Qa3 30. Bb3 Nb2 31. Bxe6 Nd3 32. Qd2 Qf8 33. Rc2 Nxe1 34.
Qxe1 Rd6 35. d5 Rb8 36. c4 Rb7 37. Qc3 Rd8 38. Qe5 Qb4 39. Qc3 Qxc3 40. Rxc3 g6
41. Kf2 Rc7 42. Ke2 Rc5 43. Kd2 Ra5 44. a3 Kg7 45. Rb3 Rd6 46. Kc3 Rc5 0-1

[Event "9. Open International Championship of V"]
[Site "Novi Sad - Ribarac 4"]
[Date "2018.07.22"]
[Round "2.9"]
[White "Budisavljevic, Luka"]
[Black "Tomerlin, Sinisa"]
[Result "0-1"]
[WhiteElo "2324"]
[BlackElo "2163"]
[PlyCount "56"]
[EventDate "2018.07.22"]

1. d4 d6 2. Nf3 g6 3. c4 Bg7 4. Nc3 Nf6 5. e4 O-O 6. h3 c5 7. d5 b5 8. cxb5 a6
9. a4 Qa5 10. Bd2 Qb4 11. Qc2 Nbd7 12. Be2 axb5 13. Bxb5 Ba6 14. Nd1 Bxb5 15.
Bxb4 cxb4 16. Nd4 Ba6 17. Nc6 b3 18. Qb1 Nc5 19. Nb4 Nfxe4 20. Ne3 Nc3 21. Qc1
Na2 22. Rxa2 bxa2 23. Qa1 Rfb8 24. Nxa6 Rxb2 25. O-O Nb3 26. Nc7 Nxa1 27. Nxa8
Nc2 28. Nxc2 Rxc2 0-1

[Event "9. Open International Championship of V"]
[Site "Novi Sad - Ribarac 4"]
[Date "2018.07.22"]
[Round "2.10"]
[White "Uuriintuya, Uurtsaikh"]
[Black "Batsuren, Dambasuren"]
[Result "0-1"]
[WhiteElo "2158"]
[BlackElo "2321"]
[PlyCount "46"]
[EventDate "2018.07.22"]

1. e4 e5 2. Nf3 Nc6 3. Bc4 Bc5 4. c3 Nf6 5. d3 O-O 6. Bb3 d5 7. Qe2 dxe4 8.
dxe4 Qe7 9. Bg5 h6 10. Bh4 g5 11. Bg3 Bg4 12. Nbd2 Nh5 13. Bd5 Nf4 14. Bxf4
exf4 15. O-O-O Ne5 16. h3 Bh5 17. g4 fxg3 18. fxg3 c6 19. Bb3 Rad8 20. Bc2 Rxd2
21. Qxd2 Bxf3 22. Rdf1 Bxh1 23. Rxh1 Qf6 0-1

[Event "9. Open International Championship of V"]
[Site "Novi Sad - Ribarac 4"]
[Date "2018.07.22"]
[Round "2.11"]
[White "Kostic, Vladimir G"]
[Black "Rutesic, Vuk"]
[Result "1-0"]
[WhiteElo "2319"]
[BlackElo "2157"]
[PlyCount "81"]
[EventDate "2018.07.22"]

1. e4 e6 2. Qe2 c5 3. Nf3 Nc6 4. d3 Nf6 5. g3 Be7 6. Bg2 d5 7. O-O O-O 8. e5
Nd7 9. h4 b5 10. Bf4 Bb7 11. Re1 Qc7 12. Nbd2 Rfc8 13. h5 Nd4 14. Nxd4 cxd4 15.
Rac1 Qa5 16. a3 b4 17. Qg4 bxa3 18. Bh6 g6 19. hxg6 hxg6 20. bxa3 Bxa3 21. Ra1
Rxc2 22. Nc4 dxc4 23. Bxb7 Rb8 24. Be4 Nf8 25. Qf3 Nh7 26. dxc4 Rc3 27. Qg4 Qc7
28. Bf4 Bb2 29. Ra6 Rb6 30. Rxb6 axb6 31. Kg2 Rxc4 32. Rh1 d3 33. Qh3 f5 34.
exf6 Qf7 35. Bxd3 Rc3 36. Bxg6 Qxg6 37. Qxe6+ Kh8 38. f7 Kg7 39. Be5+ Nf6 40.
Bxf6+ Qxf6 41. Rh7+ 1-0

[Event "9. Open International Championship of V"]
[Site "Novi Sad - Ribarac 4"]
[Date "2018.07.22"]
[Round "2.12"]
[White "Hasman, Cengiz"]
[Black "Rogac, Srdjan"]
[Result "0-1"]
[WhiteElo "2141"]
[BlackElo "2317"]
[PlyCount "122"]
[EventDate "2018.07.22"]

1. Nf3 Nf6 2. g3 b6 3. Bg2 Bb7 4. O-O e6 5. c4 c5 6. Nc3 Be7 7. d4 cxd4 8. Nxd4
Bxg2 9. Kxg2 O-O 10. e4 Nc6 11. f3 Bb4 12. Nxc6 dxc6 13. Qb3 Be7 14. Rd1 Qc7
15. Bf4 e5 16. Be3 Rfd8 17. Rxd8+ Rxd8 18. Rd1 Rxd1 19. Qxd1 Nd7 20. f4 Bf6 21.
Qd2 Be7 22. Qd1 Bb4 23. a3 Bxc3 24. bxc3 Nf6 25. fxe5 Qxe5 26. Qd8+ Ne8 27. Kf3
Kf8 28. Qa8 Qf6+ 29. Ke2 Qxc3 30. Qxc6 Qxa3 31. c5 Qb2+ 32. Kf3 Qxh2 33. cxb6
axb6 34. Bxb6 Qh5+ 35. Kf2 Qe5 36. Qc5+ Qxc5+ 37. Bxc5+ Kg8 38. Kf3 Nc7 39. e5
Ne6 40. Be7 h6 41. Ke4 Kh7 42. Kf5 Nd4+ 43. Ke4 Nc6 44. Ba3 Kg6 45. Bc1 Nd8 46.
Bd2 Ne6 47. Be3 Kh7 48. Kf5 Kg8 49. Bc1 Kf8 50. Ba3+ Ke8 51. Ke4 Kd7 52. Kd5 h5
53. Bd6 g6 54. Bb8 Nd8 55. Ba7 Nc6 56. Bf2 Ne7+ 57. Ke4 Ke6 58. Be1 Nf5 59. Bf2
Nh6 60. Ba7 Ng4 61. Bb6 Nxe5 0-1

[Event "9. Open International Championship of V"]
[Site "Novi Sad - Ribarac 4"]
[Date "2018.07.22"]
[Round "2.13"]
[White "Milosevic, Milos"]
[Black "Otawa, Yuto"]
[Result "1/2-1/2"]
[WhiteElo "2315"]
[BlackElo "2140"]
[PlyCount "37"]
[EventDate "2018.07.22"]

1. b3 Nf6 2. Bb2 d5 3. e3 e6 4. Nf3 Be7 5. d4 O-O 6. Bd3 c5 7. Nbd2 b6 8. Qe2
Bb7 9. O-O Nbd7 10. Ne5 Nxe5 11. dxe5 Ne4 12. Rad1 Nxd2 13. Rxd2 Qc7 14. f4
Rfd8 15. Rfd1 a5 16. c4 dxc4 17. bxc4 Bc6 18. f5 exf5 19. Bxf5 1/2-1/2

[Event "9. Open International Championship of V"]
[Site "Novi Sad - Ribarac 4"]
[Date "2018.07.22"]
[Round "2.14"]
[White "Ujhazi, Ivan"]
[Black "Mikheev, Stanislav"]
[Result "1/2-1/2"]
[WhiteElo "2132"]
[BlackElo "2291"]
[PlyCount "118"]
[EventDate "2018.07.22"]

1. e4 e5 2. Nc3 Nf6 3. Bc4 Nc6 4. d3 Bb4 5. Nge2 d5 6. exd5 Nxd5 7. O-O Be6 8.
Nxd5 Bxd5 9. Bxd5 Qxd5 10. a3 Be7 11. Nc3 Qd7 12. Be3 O-O 13. Qf3 Nd4 14. Bxd4
exd4 15. Ne4 Qc6 16. Rfc1 Rae8 17. Nd2 Qh6 18. Nb3 Qb6 19. Re1 Bf6 20. Re4 a5
21. a4 Qb4 22. g3 Rd8 23. Qe2 b6 24. Qe1 Qd6 25. Nd2 Qd7 26. b3 Rfe8 27. Qe2 g6
28. Re1 Rxe4 29. Qxe4 Kf8 30. Kg2 h5 31. h4 Re8 32. Qxe8+ Qxe8 33. Rxe8+ Kxe8
34. Kf3 Kd7 35. Ke4 Kd6 36. Nc4+ Ke6 37. Nd2 Bg7 38. f4 f5+ 39. Kf3 Kd5 40. Nc4
Kc5 41. Ne5 Kb4 42. Ke2 Kc5 43. Nxg6 Kd6 44. Kf3 Ke6 45. Ke2 Kf7 46. Ne5+ Bxe5
47. fxe5 Ke6 48. Kf2 Kxe5 49. Kf3 c6 50. Ke2 f4 51. Kf3 fxg3 52. Kxg3 b5 53.
Kf3 bxa4 54. bxa4 Kf5 55. Kg3 c5 56. Kf3 Ke5 57. Kg3 c4 58. Kf3 cxd3 59. cxd3
Kf5 1/2-1/2

[Event "9. Open International Championship of V"]
[Site "Novi Sad - Ribarac 4"]
[Date "2018.07.22"]
[Round "2.15"]
[White "Dragojlovic, Andjelko"]
[Black "Tugstumur, Yesuntumur"]
[Result "1/2-1/2"]
[WhiteElo "2262"]
[BlackElo "2116"]
[PlyCount "90"]
[EventDate "2018.07.22"]

1. Nf3 Nf6 2. d4 g6 3. Nc3 d5 4. Bf4 Bg7 5. Qd2 O-O 6. e3 Bf5 7. Bd3 Bxd3 8.
cxd3 Nbd7 9. h3 c5 10. dxc5 Nxc5 11. O-O Rc8 12. Rfc1 Qb6 13. Be5 Rfd8 14. Bd4
Qa6 15. b4 Ne6 16. Bxf6 Bxf6 17. d4 Nf8 18. Rc2 Kg7 19. Rac1 e6 20. Ne2 Rxc2
21. Rxc2 Nd7 22. Nf4 Nb6 23. g4 Nc4 24. Qd3 Be7 25. Qb3 Qd6 26. Nd3 Rh8 27. b5
h5 28. g5 h4 29. Nde5 Nxe5 30. dxe5 Qd7 31. b6 axb6 32. Qxb6 Qa4 33. Nd4 Rh5
34. f4 Bxg5 35. Qc7 Bxf4 36. Nxe6+ Kh6 37. Nxf4 Rg5+ 38. Kf2 d4 39. Qc4 dxe3+
40. Ke2 Qxc4+ 41. Rxc4 Rxe5 42. Rc7 f5 43. Rxb7 g5 44. Rb6+ Kh7 45. Nd3 Ra5
1/2-1/2

[Event "9. Open International Championship of V"]
[Site "Novi Sad - Ribarac 4"]
[Date "2018.07.22"]
[Round "2.16"]
[White "Cervenak, Juraj"]
[Black "Pastar, Slaven"]
[Result "0-1"]
[WhiteElo "1908"]
[BlackElo "2262"]
[PlyCount "84"]
[EventDate "2018.07.22"]

1. e4 c5 2. Nf3 e6 3. d4 cxd4 4. Nxd4 Nf6 5. Nc3 Nc6 6. Ndb5 Bc5 7. Nd6+ Ke7 8.
Nc4 d5 9. exd5 exd5 10. Qe2+ Be6 11. Ne5 Re8 12. Bg5 Kf8 13. O-O-O Nxe5 14.
Qxe5 Bg4 15. Qf4 Bxd1 16. Bb5 Bh5 17. Bxe8 Kxe8 18. Re1+ Kf8 19. Qe5 Qe7 20.
Bxf6 gxf6 21. Qxe7+ Bxe7 22. Nxd5 Re8 23. f3 f5 24. Kb1 Bg6 25. f4 Bh4 26.
Rxe8+ Kxe8 27. c4 Bd8 28. Kc2 f6 29. Kd3 Bf7 30. Kd4 Kd7 31. c5 Bxd5 32. Kxd5
Ba5 33. a3 Bd2 34. b4 Bxf4 35. h3 a6 36. a4 Be5 37. b5 f4 38. c6+ bxc6+ 39.
bxc6+ Ke7 40. Kc5 Bc7 41. Kd5 f5 42. h4 h5 0-1

[Event "9. Open International Championship of V"]
[Site "Novi Sad - Ribarac 4"]
[Date "2018.07.22"]
[Round "2.17"]
[White "Zegarac, Vuk"]
[Black "Betsakos, Konstantinos"]
[Result "1-0"]
[WhiteElo "2257"]
[BlackElo "1913"]
[PlyCount "20"]
[EventDate "2018.07.22"]

1. d4 e6 2. Nf3 f5 3. Nc3 Nf6 4. Bg5 Be7 5. Bxf6 Bxf6 6. e4 fxe4 7. Nxe4 O-O 8.
Bd3 b6 9. Qe2 Bb7 10. O-O-O c5 {Unreadable..} 1-0

[Event "9. Open International Championship of V"]
[Site "Novi Sad - Ribarac 4"]
[Date "2018.07.22"]
[Round "2.18"]
[White "Drazic, Sinisa"]
[Black "Altantuya, Boldbaatar"]
[Result "1-0"]
[WhiteElo "2421"]
[BlackElo "2060"]
[PlyCount "55"]
[EventDate "2018.07.22"]

1. c4 Nf6 2. Nc3 e6 3. e4 d5 4. e5 d4 5. exf6 dxc3 6. bxc3 Qxf6 7. Nf3 b6 8. d4
Bb7 9. Bg5 Bxf3 10. Qd2 Qf5 11. gxf3 Nd7 12. h4 Bd6 13. Rg1 e5 14. Bd3 Qxf3 15.
Qc2 Nf6 16. Be2 Qe4 17. Qa4+ Ke7 18. f3 Qf5 19. O-O-O Rad8 20. Bd3 Qxf3 21.
Rgf1 Qg3 22. Qc6 Kf8 23. Rf3 Qg2 24. Rd2 Qh1+ 25. Rd1 Qg2 26. c5 bxc5 27. dxe5
Bxe5 28. Rxf6 1-0

[Event "9. Open International Championship of V"]
[Site "Novi Sad - Ribarac 4"]
[Date "2018.07.22"]
[Round "2.19"]
[White "Omorjan, Dejan"]
[Black "Zhukov, Anton"]
[Result "0-1"]
[WhiteElo "2292"]
[BlackElo "2046"]
[PlyCount "106"]
[EventDate "2018.07.22"]

1. d4 Nf6 2. c4 e6 3. Nf3 b6 4. g3 Bb7 5. Bg2 Be7 6. O-O O-O 7. d5 exd5 8. Nh4
c6 9. cxd5 Nxd5 10. Nf5 Nc7 11. e4 d5 12. Nc3 Bf6 13. Bf4 d4 14. e5 dxc3 15.
exf6 Qxf6 16. Nxg7 Qxg7 17. Bxc7 cxb2 18. Rb1 Na6 19. Bf4 Nc5 20. Qh5 Rfe8 21.
Bh6 Qf6 22. Qg4+ Qg6 23. Qxg6+ hxg6 24. Rxb2 Rad8 25. Bg5 Rd6 26. Rc2 Ba6 27.
Ra1 Ne6 28. Rxc6 Rxc6 29. Bxc6 Rc8 30. Bd7 Nxg5 31. Bxc8 Bxc8 32. Rc1 Be6 33.
a3 Nf3+ 34. Kg2 Nd2 35. Rc7 a5 36. f3 b5 37. Rc5 Bc4 38. a4 bxa4 39. Rxa5 Bb3
40. Kf2 Nc4 41. Ra8+ Kg7 42. Ke2 Bc2 43. Rc8 a3 44. Rxc4 a2 45. Rxc2 a1=Q 46.
Kf2 Qh1 47. Ke3 Qg1+ 48. Rf2 Kf6 49. f4 Kf5 50. Kf3 Qh1+ 51. Rg2 Qd1+ 52. Re2
Qd5+ 53. Kf2 Kg4 0-1

[Event "9. Open International Championship of V"]
[Site "Novi Sad - Ribarac 4"]
[Date "2018.07.22"]
[Round "2.20"]
[White "Yordanov, Lachezar"]
[Black "Ilijc, Milan"]
[Result "1-0"]
[WhiteElo "2290"]
[BlackElo "2122"]
[PlyCount "63"]
[EventDate "2018.07.22"]

1. b3 e5 2. Bb2 Nc6 3. e3 a6 4. Nf3 d6 5. d4 e4 6. Nfd2 f5 7. c4 Nf6 8. Nc3 Be7
9. f3 exf3 10. Qxf3 O-O 11. h3 Ne4 12. O-O-O Bg5 13. h4 Bh6 14. Nd5 Nf6 15. Nf4
Ng4 16. Bd3 Re8 17. Rde1 Ne7 18. g3 Ng6 19. h5 Nf8 20. Re2 c6 21. Rhe1 Nf6 22.
e4 fxe4 23. Nxe4 Nxe4 24. Bxe4 Bd7 25. d5 c5 26. Kb1 b5 27. Ne6 Qb6 28. g4 Bxe6
29. dxe6 Ra7 30. e7 Nd7 31. Qf5 g6 32. Bd5# 1-0

[Event "9. Open International Championship of V"]
[Site "Novi Sad - Ribarac 4"]
[Date "2018.07.23"]
[Round "3.1"]
[White "Cabarkapa, Novak"]
[Black "Batsuren, Dambasuren"]
[Result "1/2-1/2"]
[WhiteElo "2439"]
[BlackElo "2321"]
[PlyCount "25"]
[EventDate "2018.07.22"]

1. b3 e5 2. Bb2 Nc6 3. e3 Nf6 4. h3 a6 5. g4 d5 6. Bg2 Be7 7. Ne2 O-O 8. Ng3 h6
9. O-O Nh7 10. Nc3 d4 11. Nce2 Bc5 12. Ne4 Bb6 13. Ba3 1/2-1/2

[Event "9. Open International Championship of V"]
[Site "Novi Sad - Ribarac 4"]
[Date "2018.07.23"]
[Round "3.2"]
[White "Sharavdorj, Dashzegve"]
[Black "Kostic, Vladimir G"]
[Result "1-0"]
[WhiteElo "2403"]
[BlackElo "2319"]
[PlyCount "73"]
[EventDate "2018.07.22"]

1. d4 Nf6 2. c4 d6 3. Nf3 g6 4. Nc3 Bg7 5. e4 O-O 6. Be2 e5 7. O-O Nbd7 8. Be3
c6 9. d5 c5 10. Ne1 Qe7 11. Nd3 Nb6 12. b3 h6 13. Rb1 Nh7 14. Qd2 h5 15. Rbe1
Nd7 16. a3 b6 17. Bd1 Ba6 18. Nb2 Rac8 19. Nb5 Ndf6 20. Qc2 Qd7 21. a4 Ng4 22.
Bd2 f5 23. f4 Bxb5 24. cxb5 exf4 25. Bxg4 Bd4+ 26. Kh1 hxg4 27. Bxf4 g5 28. Bc1
f4 29. Nc4 Rcd8 30. Bb2 Bxb2 31. Qxb2 Nf6 32. Qc2 g3 33. e5 dxe5 34. Nxe5 Qg7
35. d6 Nd5 36. Ng4 Qh7 37. Qc4 {Time..} 1-0

[Event "9. Open International Championship of V"]
[Site "Novi Sad - Ribarac 4"]
[Date "2018.07.23"]
[Round "3.3"]
[White "Rogac, Srdjan"]
[Black "Nomin-Erdene, Davaademberel"]
[Result "1/2-1/2"]
[WhiteElo "2317"]
[BlackElo "2371"]
[PlyCount "24"]
[EventDate "2018.07.22"]

1. d4 d5 2. Bf4 Nf6 3. e3 c5 4. c3 Qb6 5. Qb3 Nc6 6. Nd2 c4 7. Qc2 g6 8. e4 Qd8
9. Bg5 Nh5 10. exd5 Qxd5 11. Ngf3 Bf5 12. Qd1 Na5 1/2-1/2

[Event "9. Open International Championship of V"]
[Site "Novi Sad - Ribarac 4"]
[Date "2018.07.23"]
[Round "3.4"]
[White "Li, Hong"]
[Black "Pastar, Slaven"]
[Result "1/2-1/2"]
[WhiteElo "2365"]
[BlackElo "2262"]
[PlyCount "60"]
[EventDate "2018.07.22"]

1. d4 d5 2. c4 dxc4 3. Nf3 Nf6 4. e3 Bg4 5. Bxc4 e6 6. Qb3 Bxf3 7. gxf3 Nbd7 8.
Rg1 Nb6 9. Be2 Qd5 10. Qxd5 exd5 11. Nc3 O-O-O 12. a4 g6 13. Bd2 Kb8 14. a5 Nc8
15. Kf1 Bg7 16. Kg2 Ne8 17. Rgc1 f5 18. Ra3 a6 19. Na4 Bf8 20. Rb3 Ka7 21. Bb4
c6 22. Bc5+ Bxc5 23. Nxc5 Ncd6 24. Rb6 Nc7 25. Rb4 Rhe8 26. Nd3 Nf7 27. Rc3 Nb5
28. Rc2 Re7 29. Nc5 Nbd6 30. Nd3 Nc4 1/2-1/2

[Event "9. Open International Championship of V"]
[Site "Novi Sad - Ribarac 4"]
[Date "2018.07.23"]
[Round "3.5"]
[White "Raja, Rithvik R"]
[Black "Zegarac, Vuk"]
[Result "1/2-1/2"]
[WhiteElo "2343"]
[BlackElo "2257"]
[PlyCount "26"]
[EventDate "2018.07.22"]

1. d4 Nf6 2. c4 e6 3. g3 c5 4. Nf3 d5 5. cxd5 Nxd5 6. Bg2 cxd4 7. Nxd4 Bb4+ 8.
Bd2 Qb6 9. Bxb4 Qxb4+ 10. Qd2 Nc6 11. Nxc6 bxc6 12. Nc3 Rb8 13. Nxd5 cxd5
1/2-1/2

[Event "9. Open International Championship of V"]
[Site "Novi Sad - Ribarac 4"]
[Date "2018.07.23"]
[Round "3.6"]
[White "Tomerlin, Sinisa"]
[Black "Atalik, Suat"]
[Result "0-1"]
[WhiteElo "2163"]
[BlackElo "2509"]
[PlyCount "54"]
[EventDate "2018.07.22"]

1. Nf3 d5 2. g3 Nf6 3. Bg2 Bf5 4. d3 e6 5. O-O Be7 6. Nbd2 h6 7. b3 O-O 8. Bb2
Bh7 9. c4 a5 10. cxd5 exd5 11. a3 Nbd7 12. Nd4 Re8 13. N2f3 c6 14. Qd2 Qb6 15.
Rfb1 Bf8 16. Bh3 c5 17. Nc2 Qd8 18. b4 b6 19. bxc5 bxc5 20. Ne3 Ra6 21. a4 d4
22. Nc4 Nd5 23. Re1 Nb4 24. Qd1 Nb6 25. Nfd2 N6d5 26. Nb3 Qc7 27. Na3 h5 {
Unreadable..} 0-1

[Event "9. Open International Championship of V"]
[Site "Novi Sad - Ribarac 4"]
[Date "2018.07.23"]
[Round "3.7"]
[White "Kumic, Filip"]
[Black "Drazic, Sinisa"]
[Result "0-1"]
[WhiteElo "2230"]
[BlackElo "2421"]
[PlyCount "130"]
[EventDate "2018.07.22"]

1. d4 Nf6 2. c4 d6 3. Nc3 e5 4. Nf3 Nbd7 5. e4 c6 6. Be2 Be7 7. O-O O-O 8. Re1
Re8 9. Rb1 a5 10. b3 Bf8 11. Bf1 Qc7 12. a3 exd4 13. Nxd4 Nc5 14. f3 h6 15. Be3
Ne6 16. Nc2 Nd7 17. Qd2 Ndc5 18. b4 axb4 19. axb4 Nd7 20. Ra1 Rxa1 21. Rxa1 Be7
22. Rd1 Ndf8 23. Bf2 Rd8 24. Na4 Qb8 25. Nb6 Bg5 26. Qe1 Bf6 27. Kh1 Bd7 28.
Ne3 h5 29. Nxd7 Rxd7 30. g3 Rd8 31. Qd2 Qc7 32. f4 g6 33. h4 Bg7 34. Nc2 Nh7
35. Bh3 Nf6 36. Qd3 Re8 37. Bg2 Nf8 38. c5 Ng4 39. Bg1 dxc5 40. bxc5 Ne6 41.
Qb3 Bf8 42. Qb6 Qxb6 43. cxb6 Bc5 44. Rd7 Bxg1 45. Kxg1 Nc5 46. Rc7 Rd8 47. e5
Rd1+ 48. Bf1 Rb1 49. Na3 Rxb6 50. Nc4 Rb1 51. Kg2 Rc1 52. Nd6 Ne3+ 53. Kf2 Nxf1
54. Rc8+ Kh7 55. Ne8 Ne4+ 56. Kf3 Nfxg3 57. Rc7 Rc3+ 58. Kg2 Kg8 59. Rc8 Kh7
60. Rc7 Nf5 61. e6 Ne3+ 62. Kh1 Rc2 63. Nf6+ Nxf6 64. Rxf7+ Kg8 65. Rxf6 Rc1+
0-1

[Event "9. Open International Championship of V"]
[Site "Novi Sad - Ribarac 4"]
[Date "2018.07.23"]
[Round "3.8"]
[White "Hirneise, Jens"]
[Black "Ujhazi, Ivan"]
[Result "1/2-1/2"]
[WhiteElo "2379"]
[BlackElo "2132"]
[PlyCount "120"]
[EventDate "2018.07.22"]

1. e4 c5 2. Nf3 Nc6 3. d4 cxd4 4. Nxd4 g6 5. Nc3 Bg7 6. Be3 Nf6 7. Bc4 O-O 8.
Bb3 d6 9. f3 Bd7 10. Qd2 Nxd4 11. Bxd4 b5 12. h4 a5 13. a4 b4 14. Nd5 Nxd5 15.
Bxg7 Kxg7 16. exd5 e5 17. dxe6 Bxe6 18. O-O-O Bxb3 19. cxb3 Ra6 20. h5 Qf6 21.
Kb1 Rc8 22. hxg6 Qxg6+ 23. Ka2 Rc2 24. Qd4+ Kg8 25. Rde1 Ra8 26. g4 Qg7 27. Rd1
Rac8 28. Qxg7+ Kxg7 29. Rxd6 Rf2 30. Rd5 Rcc2 31. Rb1 Rxf3 32. Rxa5 Rf4 33.
Rg5+ Kf6 34. Rh5 Kg6 35. Rbh1 Rff2 36. Rb1 Rf4 37. Rd1 Rff2 38. Rb1 Rg2 39. Rh4
h6 40. g5 hxg5 41. Rxb4 f5 42. Rb6+ Kh5 43. a5 f4 44. a6 Rc8 45. b4 f3 46. Rf1
g4 47. a7 Ra8 48. Rb7 f2 49. b5 g3 50. b6 Rg1 51. Rb8 Rxf1 52. Rxa8 Ra1+ 53.
Kxa1 f1=Q+ 54. Ka2 Qf7+ 55. b3 Qf2+ 56. Ka3 Qc5+ 57. Ka2 Qc2+ 58. Ka3 Qc5+ 59.
Ka2 Qc2+ 60. Ka3 Qc5+ 1/2-1/2

[Event "9. Open International Championship of V"]
[Site "Novi Sad - Ribarac 4"]
[Date "2018.07.23"]
[Round "3.9"]
[White "Banovic, Ivan"]
[Black "Danchevski, Orce"]
[Result "1/2-1/2"]
[WhiteElo "2224"]
[BlackElo "2353"]
[PlyCount "42"]
[EventDate "2018.07.22"]

1. d4 Nf6 2. Nf3 d5 3. c4 e6 4. Nc3 Be7 5. cxd5 exd5 6. Bg5 c6 7. Qc2 Na6 8. a3
Nc7 9. e3 g6 10. Bd3 Ne6 11. Bh4 Ng7 12. O-O Bf5 13. Bxf6 Bxf6 14. b4 a6 15. a4
O-O 16. b5 axb5 17. axb5 Rxa1 18. Rxa1 Bxd3 19. Qxd3 Ne6 20. bxc6 bxc6 21. Rc1
Qa8 1/2-1/2

[Event "9. Open International Championship of V"]
[Site "Novi Sad - Ribarac 4"]
[Date "2018.07.23"]
[Round "3.10"]
[White "Kovacevic, Sinisa"]
[Black "Milosevic, Milos"]
[Result "0-1"]
[WhiteElo "2202"]
[BlackElo "2315"]
[PlyCount "46"]
[EventDate "2018.07.22"]

1. d4 f5 2. e4 fxe4 3. Nc3 Nf6 4. Bg5 Nc6 5. d5 Ne5 6. Qd4 Nf7 7. Bxf6 exf6 8.
Qxe4+ Qe7 9. Bd3 Qxe4+ 10. Bxe4 Bb4 11. Nge2 O-O 12. O-O Re8 13. Rfe1 d6 14.
Nd4 Bd7 15. Ne6 Rac8 16. f4 c6 17. Rad1 g6 18. f5 Ne5 19. dxc6 bxc6 20. Nd4 d5
21. Bd3 Bc5 22. Ba6 Rb8 23. Kf1 Ng4 0-1

[Event "9. Open International Championship of V"]
[Site "Novi Sad - Ribarac 4"]
[Date "2018.07.23"]
[Round "3.11"]
[White "Otawa, Yuto"]
[Black "Savanovic, Vuk"]
[Result "1-0"]
[WhiteElo "2140"]
[BlackElo "2294"]
[PlyCount "89"]
[EventDate "2018.07.22"]

1. d4 Nf6 2. c4 c5 3. d5 b5 4. cxb5 a6 5. bxa6 Bxa6 6. Nc3 d6 7. e4 Bxf1 8.
Kxf1 g6 9. g3 Bg7 10. Kg2 O-O 11. Nf3 Nbd7 12. a4 Qb6 13. Qe2 Rfb8 14. Bd2 Ne8
15. Rhb1 Nc7 16. Nd1 Qb3 17. a5 Nb5 18. Ne3 Nd4 19. Qc4 Nxf3 20. Qxb3 Nxd2 21.
Qa4 Nb6 22. Qc6 Nxb1 23. Rxb1 Rxa5 24. Qc7 Raa8 25. Ra1 Re8 26. Rxa8 Nxa8 27.
Qb7 Kf8 28. f4 Bd4 29. Nc4 f6 30. Kf1 h5 31. h4 g5 32. hxg5 fxg5 33. e5 Kg8 34.
Qd7 Rf8 35. Qxe7 gxf4 36. Qg5+ Kh7 37. Qxh5+ Kg7 38. Qg5+ Kh7 39. gxf4 dxe5 40.
Nxe5 Bxe5 41. Qxe5 Rf7 42. f5 Nc7 43. d6 Nb5 44. Qxc5 Nxd6 45. Qxd6 1-0

[Event "9. Open International Championship of V"]
[Site "Novi Sad - Ribarac 4"]
[Date "2018.07.23"]
[Round "3.12"]
[White "Mikheev, Stanislav"]
[Black "Ninov, Dayan"]
[Result "1/2-1/2"]
[WhiteElo "2291"]
[BlackElo "2229"]
[PlyCount "65"]
[EventDate "2018.07.22"]

1. Nf3 g6 2. d4 Bg7 3. c4 c5 4. d5 d6 5. e4 e6 6. Bd3 exd5 7. cxd5 a6 8. a4 Bg4
9. O-O Nd7 10. h3 Bxf3 11. Qxf3 Ne5 12. Qe2 Nxd3 13. Qxd3 Nf6 14. Nd2 O-O 15.
a5 Re8 16. Ra4 Qd7 17. b3 Qb5 18. Qf3 Rad8 19. Ba3 Re7 20. Rb1 Nd7 21. Nc4 Ne5
22. Nxe5 Bxe5 23. Bc1 Rc8 24. Bg5 Rec7 25. Qd1 Re8 26. Qc2 Rec8 27. Qc4 Re8 28.
Rc1 Qd7 29. Be3 Qb5 30. Ra2 Rcc8 31. Qa4 Rb8 32. g3 Qxa4 33. Rxa4 1/2-1/2

[Event "9. Open International Championship of V"]
[Site "Novi Sad - Ribarac 4"]
[Date "2018.07.23"]
[Round "3.13"]
[White "Tugstumur, Yesuntumur"]
[Black "Yordanov, Lachezar"]
[Result "1/2-1/2"]
[WhiteElo "2116"]
[BlackElo "2290"]
[PlyCount "64"]
[EventDate "2018.07.22"]

1. b3 Nf6 2. Bb2 g6 3. Nf3 Bg7 4. g3 O-O 5. Bg2 d5 6. O-O c5 7. d3 Nc6 8. Nbd2
Re8 9. c4 d4 10. a3 a5 11. Re1 e5 12. Qc2 Qc7 13. e3 Bd7 14. exd4 exd4 15. Ng5
h6 16. Nge4 Nxe4 17. Bxe4 Kh7 18. h4 f5 19. Bg2 a4 20. Rxe8 Rxe8 21. b4 b6 22.
b5 Ne5 23. Rf1 Bc8 24. Re1 Re7 25. f4 Ng4 26. Rxe7 Qxe7 27. Nf1 Bb7 28. Bxb7
Qxb7 29. Qe2 Bf6 30. Bc1 Qe7 31. Qxe7+ Bxe7 32. Nh2 Nxh2 1/2-1/2

[Event "9. Open International Championship of V"]
[Site "Novi Sad - Ribarac 4"]
[Date "2018.07.23"]
[Round "3.14"]
[White "Zhukov, Anton"]
[Black "Dragojlovic, Andjelko"]
[Result "0-1"]
[WhiteElo "2046"]
[BlackElo "2262"]
[PlyCount "68"]
[EventDate "2018.07.22"]

1. d4 g6 2. c4 Bg7 3. Nc3 c5 4. d5 Bxc3+ 5. bxc3 Qa5 6. Qc2 f5 7. Nf3 Nf6 8. e3
d6 9. Bd3 Nbd7 10. O-O Nb6 11. Nd2 Qa4 12. Qb3 Bd7 13. Re1 O-O-O 14. f3 e5 15.
Rb1 Rde8 16. Bc2 Qa6 17. Qa3 Qxa3 18. Bxa3 g5 19. g3 h5 20. Kf2 h4 21. Rh1 Re7
22. Rbe1 e4 23. f4 Ng4+ 24. Ke2 Reh7 25. fxg5 hxg3 26. g6 Rxh2+ 27. Rxh2 Rxh2+
28. Kd1 g2 29. g7 Nf6 30. Bxe4 fxe4 31. Nxe4 Ng8 32. Nxd6+ Kc7 33. Bxc5 Ba4+
34. Kc1 Rh1 0-1

[Event "9. Open International Championship of V"]
[Site "Novi Sad - Ribarac 4"]
[Date "2018.07.23"]
[Round "3.15"]
[White "Jocev, Milan"]
[Black "Hart, Alexander"]
[Result "1-0"]
[WhiteElo "2256"]
[BlackElo "1967"]
[PlyCount "59"]
[EventDate "2018.07.22"]

1. e4 c6 2. d4 d5 3. Nc3 dxe4 4. Nxe4 Nf6 5. Nxf6+ exf6 6. c3 Bd6 7. Bd3 O-O 8.
Ne2 Re8 9. Qc2 g6 10. h4 Be6 11. h5 f5 12. Bd2 Nd7 13. g4 Qf6 14. gxf5 Bxf5 15.
Bxf5 gxf5 16. Qd3 Re4 17. O-O-O Rae8 18. Ng3 Bxg3 19. Qxg3+ Kh8 20. Rhg1 Rg4
21. Qc7 Nb6 22. f3 Rxg1 23. Rxg1 Nc4 24. Bg5 Qe6 25. b3 Rg8 26. bxc4 h6 27. d5
cxd5 28. cxd5 Qa6 29. Qe5+ Kh7 30. Qxf5+ 1-0